000 00570nam a2200229Ia 4500
003 OSt
005 20221005131654.0
006 a|||||r|||| 00| 0
007 ta
008 221004b |||||||| |||| 00| 0 eng d
024 _a116157
037 _cTextual
040 _aCRL
_cCRL
_beng
041 _2eng
_aeng
100 _aLadd MFC
_9639942
245 0 _aStructure determination by x- Ray crystalloqraphy
260 _c1977
650 _aPSYCHOLOGY
700 _a Palmer R A
_9639943
942 _cTEXL
_2cc
999 _c1061073
_d1061073